Statistics for Walk the border of mainland USA - Name the States Going South from Washington State.

Click here to take the quiz!

General Stats

  • This quiz has been taken 1,663 times
    (1,211 since last reset)
  • The average score is 25 of 40

Answer Stats

Hint Answer % Correct
Washington - SOregon
99%
S -California
98%
E -Arizona
91%
SE -Texas
90%
E -New Mexico
90%
E -Louisiana
87%
E -Alabama
86%
NE -South Carolina
84%
NE -North Carolina
84%
N -Georgia
84%
E -Mississippi
84%
E -Florida
84%
N -Virginia
83%
N -Maryland
80%
NE -New York
53%
NE -New Jersey
52%
NE -Maine
52%
E -Massachusetts
52%
E -Rhode Island
51%
NE -Connecticut
51%
N -Delaware
50%
N -Michigan
49%
S -Virginia
49%
W -Vermont
49%
N -New Hampshire
49%
W -North Dakota
48%
W -New Hampshire
48%
W -Minnesota
47%
W -Washington
47%
W -Montana
47%
W -Idaho
47%
N -Michigan
47%
SW -Pennsylvania
47%
W -New York
47%
N -Maryland
47%
SW -Ohio
47%
S -Indiana
46%
N WIllinois
45%
W -Wisconsin
45%
N -Wisconsin
44%

Score Distribution

Percentile by Number Answered

Percent of People with Each Score

Your Score History

You have not taken this quiz since the last reset